|
|
|
|
| LEADER |
00000cam a2200000 a 4500 |
| 001 |
vtls001317892 |
| 003 |
SK-MaSNL |
| 005 |
20260301114050.0 |
| 008 |
240315s1997 xo a ar 0000j slo |
| 015 |
|
|
|a SNBA1998/05-01690
|
| 020 |
|
|
|a 8071464775
|
| 035 |
|
|
|a SNK000270422
|
| 035 |
|
|
|a urn:nbn:sk:snk-amlr9h
|
| 035 |
|
|
|a urn:nbn:sk:snk-am00c9tw
|
| 035 |
|
|
|a 3BBF4C9F-74E8-429B-8E9E-805B832D902D
|
| 040 |
|
|
|a SNK
|b slo
|c SNK
|e AACR2
|
| 041 |
1 |
|
|a slo
|h und
|
| 044 |
|
|
|a xo
|c SK
|
| 072 |
|
7 |
|a 821
|x Literatúry v rôznych jazykoch
|2 konspekt
|
| 072 |
|
7 |
|a 821-93
|x Literatúra pre deti a mládež (beletria)
|2 konspekt
|
| 080 |
|
|
|a 820/899 (100)-3(087.5)
|2 1981
|
| 245 |
0 |
0 |
|a Rozprávkový venček
|c preklad Mária Štefánková
|
| 260 |
|
|
|a Bratislava
|b Junior
|c 1997
|
| 300 |
|
|
|a [64] s.
|b fareb. ilustr.
|c 31 cm
|
| 500 |
|
|
|a Obalový názov. Obsahuje biografické informácie o autoroch
|
| 655 |
|
7 |
|a rozprávky
|2 SNKPH
|9 70597
|
| 655 |
|
7 |
|a autorské rozprávky
|2 SNKPH
|9 70727
|
| 655 |
|
7 |
|a literatúra pre deti
|2 SNKPH
|9 87135
|
| 700 |
1 |
|
|a Andersen, Hans Christian,
|d 1805-1875
|4 aut
|9 243296
|
| 700 |
1 |
|
|a Grimm, Jacob,
|d 1785-1863
|4 aut
|4 col
|9 108277
|
| 700 |
1 |
|
|a Grimm, Wilhelm,
|d 1786-1859
|4 aut
|4 col
|9 108278
|
| 700 |
1 |
|
|a Perrault, Charles,
|d 1628-1703
|4 aut
|4 col
|9 103253
|
| 700 |
1 |
|
|a Štefánková, Mária,
|d 1951-
|4 trl
|9 86067
|
| 852 |
|
|
|a Slovenská národná knižnica
|
| 919 |
|
|
|a 80-7146-477-5
|
| 954 |
|
|
|a beletria cudzojazyčná (svetová)
|2 lita
|
| 958 |
|
|
|a TL
|
| 958 |
|
|
|a UP
|
| 958 |
|
|
|a LX
|
| 958 |
|
|
|a DB
|
| 958 |
|
|
|a FR
|
| 958 |
|
|
|a NS
|
| 958 |
|
|
|a OND
|
| 968 |
|
|
|b FR
|
| 999 |
|
|
|c 716939
|d 718869
|
| 952 |
|
|
|t P60, <04>, [BOOK], {604}
|a SNK
|b SNK
|y VYP
|7 0
|p 17A0118560
|o snkSB 58208 D1
|i snkKSP 937/98
|0 0
|1 0
|4 0
|d 1998-01-28
|l 0
|r 2005-01-02 00:00:00
|w 2026-02-23
|
| 952 |
|
|
|t P60, <03>, [BOOK], {603}
|a SNK
|b SNK
|y PREZ
|7 0
|p 17A0118561
|o snkSB 58208
|i snkKSP 936/98
|0 0
|1 0
|4 0
|d 1998-01-28
|f 1
|l 0
|r 2025-04-09 00:00:00
|w 2026-02-23
|